<?xml version="1.0" encoding="UTF-8"?>
<record
    xmlns:xsi="http://www.w3.org/2001/XMLSchema-instance"
    xsi:schemaLocation="http://www.loc.gov/MARC21/slim http://www.loc.gov/standards/marcxml/schema/MARC21slim.xsd"
    xmlns="http://www.loc.gov/MARC21/slim">

  <leader>04057cam a2200421Mi 4500</leader>
  <controlfield tag="001">ocn909043831</controlfield>
  <controlfield tag="003">OCoLC</controlfield>
  <controlfield tag="005">20220407105434.0</controlfield>
  <controlfield tag="008">150402t20122012mnu      v    000 0 eng  </controlfield>
  <datafield tag="020" ind1=" " ind2=" ">
    <subfield code="a">9780314281265</subfield>
  </datafield>
  <datafield tag="020" ind1=" " ind2=" ">
    <subfield code="a">0314281266</subfield>
  </datafield>
  <datafield tag="029" ind1="0" ind2=" ">
    <subfield code="a">AU@</subfield>
    <subfield code="b">000054770599</subfield>
  </datafield>
  <datafield tag="035" ind1=" " ind2=" ">
    <subfield code="a">(OCoLC)909043831</subfield>
  </datafield>
  <datafield tag="040" ind1=" " ind2=" ">
    <subfield code="a">AU@</subfield>
    <subfield code="b">eng</subfield>
    <subfield code="e">rda</subfield>
    <subfield code="c">AU@</subfield>
    <subfield code="d">OCLCO</subfield>
    <subfield code="d">OCLCF</subfield>
    <subfield code="d">OCLCO</subfield>
    <subfield code="d">OCLCA</subfield>
    <subfield code="d">TJC</subfield>
    <subfield code="d">OCLCQ</subfield>
    <subfield code="d">OCLCO</subfield>
  </datafield>
  <datafield tag="050" ind1=" " ind2="4">
    <subfield code="a">K2400</subfield>
    <subfield code="b">.V42</subfield>
  </datafield>
  <datafield tag="100" ind1="1" ind2=" ">
    <subfield code="a">Varady, Tibor,</subfield>
    <subfield code="d">1939-</subfield>
    <subfield code="e">author.</subfield>
    <subfield code="9">2494</subfield>
  </datafield>
  <datafield tag="245" ind1="1" ind2="0">
    <subfield code="a">Documents supplement to International commercial arbitration, a transnational perspective /</subfield>
    <subfield code="c">by Tibor V&#xFFFD;arady, John J. Barcel&#xFFFD;o III.</subfield>
  </datafield>
  <datafield tag="246" ind1="1" ind2="8">
    <subfield code="a">International commercial arbitration, a transnational perspective, 5th ed. :</subfield>
    <subfield code="b">documents supplement</subfield>
  </datafield>
  <datafield tag="250" ind1=" " ind2=" ">
    <subfield code="a">Fifth edition.</subfield>
  </datafield>
  <datafield tag="264" ind1=" " ind2="1">
    <subfield code="a">St. Paul, MN :</subfield>
    <subfield code="b">West,</subfield>
    <subfield code="c">[2012]</subfield>
  </datafield>
  <datafield tag="264" ind1=" " ind2="4">
    <subfield code="c">&#xFFFD;2012</subfield>
  </datafield>
  <datafield tag="300" ind1=" " ind2=" ">
    <subfield code="a">iv, 492 pages ;</subfield>
    <subfield code="c">26 cm</subfield>
  </datafield>
  <datafield tag="336" ind1=" " ind2=" ">
    <subfield code="a">text</subfield>
    <subfield code="b">txt</subfield>
    <subfield code="2">rdacontent</subfield>
  </datafield>
  <datafield tag="337" ind1=" " ind2=" ">
    <subfield code="a">unmediated</subfield>
    <subfield code="b">n</subfield>
    <subfield code="2">rdamedia</subfield>
  </datafield>
  <datafield tag="338" ind1=" " ind2=" ">
    <subfield code="a">volume</subfield>
    <subfield code="b">nc</subfield>
    <subfield code="2">rdacarrier</subfield>
  </datafield>
  <datafield tag="490" ind1="1" ind2=" ">
    <subfield code="a">American casebook series</subfield>
  </datafield>
  <datafield tag="500" ind1=" " ind2=" ">
    <subfield code="a">Previous edition: by Tibor V&#xFFFD;arady, John J. Barcel&#xFFFD;o III, Arthur T. von Mehren. 2009.</subfield>
  </datafield>
  <datafield tag="505" ind1="0" ind2=" ">
    <subfield code="a">I. International conventions on arbitration -- a. United Nations Convention on the Recognition and Enforcement of Foreign Arbitral Awards (New York Convention of 1958) -- b. European (Geneva) Convention on International Commercial Arbitration of 1961 -- c. Inter-American Convention on International Commercial Arbitration -- II. UNCITRAL (UN Commission on International Trade Law) enactments and other model norms -- a. UNCITRAL Model Law on International Commercial Arbitration [A proposal for national legislation] -- b. UNCITRAL Arbitration Rules of 2010 -- c. UNCITRAL Notes on Organizing Arbitral Proceedings, 1996 -- d. IBA Rules on the Taking of Evidence in International Commercial Arbitration of 2010 -- e. UNCITRAL Model Law on International Commercial Conciliation of (2002) -- III. National legislation on arbitration -- a. United States Federal Arbitration Act of 1925 -- b. French Code of Civil Procedure, book four (Arbitration Legislation of 1981, as amended in 2011) -- c. Swiss Private International Law Act of 1987, chapter 12, International Arbitration -- d. England: Arbitration Act of 1996 -- e. Indian Arbitration and Conciliation Act of 1996 (selected provisions)</subfield>
  </datafield>
  <datafield tag="505" ind1="8" ind2=" ">
    <subfield code="a">F. Japan: Arbitration Law of 2003 -- g. Russian Arbitration Act of 1993 -- h. German Arbitration Law of 1998 -- i. Swedish Arbitration Act of 1999 -- j. Arbitration Legislation of the People's Republic of China -- IV. Arbitration rules -- a. International Chamber of Commerce 2012 arbitration -- b. Rules of ICC as appointing authority in UNCITRAL or other ad hoc arbitration proceedings of 2004 -- c. American Arbitration Association international rules of 2008 -- d. Arbitration rules of the London Court of International Arbitration of 1998 -- e. China International Economic and Trade Arbitration Commission (CIETAC) arbitration rules of 2012 -- f. Swiss Rules of International Arbitration of 2012 -- V. Specialized arbitration rules -- a. Stockholm rules for expedited arbitrations of 2012 -- b. ICC Rules for Expertise of 2003 -- c. Vienna conciliation rules of 2006 -- d. Swiss mediation rules of 2007 -- VI. Codes of ethics -- a. AAA/ABA code of ethics for arbitrators in commercial disputes (2004) -- b. The IBA Rules of Ethics for International Arbitrators (1986) -- c. IBA guidelines on conflicts of interests in international arbitration (2004) -- d. European code of conduct for mediators (2004).</subfield>
  </datafield>
  <datafield tag="650" ind1=" " ind2="0">
    <subfield code="a">International commercial arbitration</subfield>
    <subfield code="v">Cases.</subfield>
    <subfield code="9">2495</subfield>
  </datafield>
  <datafield tag="650" ind1=" " ind2="7">
    <subfield code="a">International commercial arbitration.</subfield>
    <subfield code="2">fast</subfield>
    <subfield code="0">(OCoLC)fst01377215</subfield>
    <subfield code="9">2496</subfield>
  </datafield>
  <datafield tag="655" ind1=" " ind2="7">
    <subfield code="a">Trials, litigation, etc.</subfield>
    <subfield code="2">fast</subfield>
    <subfield code="0">(OCoLC)fst01423712</subfield>
    <subfield code="9">218</subfield>
  </datafield>
  <datafield tag="700" ind1="1" ind2=" ">
    <subfield code="a">Barcel&#xFFFD;o, John J.,</subfield>
    <subfield code="e">author.</subfield>
    <subfield code="9">2497</subfield>
  </datafield>
  <datafield tag="700" ind1="1" ind2=" ">
    <subfield code="a">Varady, Tibor,</subfield>
    <subfield code="d">1939-</subfield>
    <subfield code="t">International commercial arbitration.</subfield>
    <subfield code="9">2498</subfield>
  </datafield>
  <datafield tag="830" ind1=" " ind2="0">
    <subfield code="a">American casebook series.</subfield>
    <subfield code="9">353</subfield>
  </datafield>
  <datafield tag="942" ind1=" " ind2=" ">
    <subfield code="2">lcc</subfield>
    <subfield code="c">BK</subfield>
  </datafield>
  <datafield tag="948" ind1=" " ind2=" ">
    <subfield code="h">NO HOLDINGS IN GHUCC - 2 OTHER HOLDINGS</subfield>
  </datafield>
  <datafield tag="999" ind1=" " ind2=" ">
    <subfield code="c">40409</subfield>
    <subfield code="d">40409</subfield>
  </datafield>
</record>
